| 000 | 00699nam a22001817a 4500 | ||
|---|---|---|---|
| 003 | OSt | ||
| 005 | 20260401141712.0 | ||
| 008 | 260401b |||||||| |||| 00| 0 eng d | ||
| 020 | _a9781041009559 | ||
| 040 | _cn | ||
| 082 | _a303.484 W38 2025 | ||
| 100 | _aWasniewska, Małgorzata | ||
| 245 |
_aThe Discourse of Dehumanization / _cMałgorzata Wasniewska |
||
| 260 | _bNew York, NY & Abingdon, Oxon, United Kingdom. Routledge Critical Studies in Discourse. 2025 | ||
| 300 | _a236 pages : illustrations ; 23 cm (hardcover) | ||
| 650 | _aDehumanization–Discourse analysis–Social psychology–Language and society–Moral disengagement–Critical linguistics | ||
| 942 |
_2ddc _cBK-EN _n0 |
||
| 999 |
_c8707 _d8707 |
||